00510 a2200169 4500000002100000001000700021005001700028008004100045020001800086082001600104100001800120245011100138260004100249300001000290630001200300700002800312BKB 14138120200902165525.0  a9788126916351 a822.3bS23R1 aSharma, R. K.1 aRenaissance humanism and Christopher Marlowe: a study of his playscby R. K. Sharma and Ved Parkash Sharma aNew DelhibAtlantic Publishersc2012 a182p. aEnglish aSharma, Ved Parkashbc